[Event "Nova Gorica op-B 12th"]
[Site "Nova Gorica"]
[Date "2007.01.27"]
[Round "3"]
[White "Costariol, Elena"]
[Black "Pahor, Kristjan"]
[Result "1-0"]
[WhiteElo "1513"]
[BlackElo "1500"]
[PlyCount "39"]
[EventDate "2007.01.26"]
[EventType "swiss"]
[EventRounds "9"]
[EventCountry "SLO"]
[SourceTitle "CBM 116 Extra"]
[Source "ChessBase"]
[SourceDate "2007.03.07"]
[SourceVersion "1"]
[SourceVersionDate "2007.03.07"]
[SourceQuality "1"]

1. e4 e5 2. Nf3 Nc6 3. Bb5 Nf6 4. 0-0 Nxe4 5. Re1 Nd6 6. Bxc6 dxc6 7. Nxe5 Be7 8. d3 f6 9. Qh5+ g6 10. Nxg6 Kd7 11. Rxe7+ Qxe7 12. Nxe7 Kxe7 13. Bf4 Nb5 14. Nc3 Nd4 15. Qc5+ Kf7 16. Qxd4 Re8 17. Ne4 Bf5 18. Qxf6+ Kg8 19. Bh6 Re7 20. Qxe7 1-0

[Event "Nova Gorica op-B 12th"]
[Site "Nova Gorica"]
[Date "2007.01.27"]
[Round "2"]
[White "Mihelj, Edvard Danijel"]
[Black "Costariol, Elena"]
[Result "1/2-1/2"]
[WhiteElo "1500"]
[BlackElo "1513"]
[PlyCount "91"]
[EventDate "2007.01.26"]
[EventType "swiss"]
[EventRounds "9"]
[EventCountry "SLO"]
[SourceTitle "CBM 116 Extra"]
[Source "ChessBase"]
[SourceDate "2007.03.07"]
[SourceVersion "1"]
[SourceVersionDate "2007.03.07"]
[SourceQuality "1"]

1. e4 c5 2. e5 Nc6 3. f4 e6 4. Nf3 d5 5. Nc3 a6 6. b3 Nge7 7. h4 b5 8. g4 Bb7 9. d3 Qc7 10. Bg2 Rd8 11. Bb2 c4 12. d4 b4 13. Ne2 c3 14. Bc1 Qb6 15. a3 a5 16. Be3 Ba6 17. Bf1 Qa7 18. Ng3 Bxf1 19. Nxf1 Qa6 20. Qe2 Qxe2+ 21. Kxe2 Rg8 22. Ng3 f6 23. Raf1 f5 24. Ng5 Kd7 25. gxf5 Nxf5 26. Nxf5 exf5 27. Nxh7 Be7 28. Rfg1 g6 29. Ng5 Bxg5 30. Rxg5 Ne7 31. Bf2 Rh8 32. Rh3 Rdg8 33. Re3 Ke6 34. Rg1 Rh5 35. Rg5 Rg7 36. Rh3 Rg8 37. Rh1 Rg7 38. Rhg1 Kf7 39. Kd3 Ke6 40. Ke3 Kf7 41. Rxh5 gxh5 42. Rg5 Rh7 43. Kd3 Rh8 44. Be1 Rg8 45. Bf2 Rh8 46. Ke2 1/2-1/2

[Event "Nova Gorica op-B 11th"]
[Site "Nova Gorica"]
[Date "2006.01.28"]
[Round "3"]
[White "Zupancic, Jernej"]
[Black "Costariol, Elena"]
[Result "1/2-1/2"]
[WhiteElo "1543"]
[BlackElo "1638"]
[PlyCount "73"]
[EventDate "2006.01.27"]
[EventType "swiss"]
[EventRounds "9"]
[EventCountry "SLO"]
[SourceTitle "CBM 110 Extra"]
[Source "ChessBase"]
[SourceDate "2006.03.10"]
[SourceVersion "2"]
[SourceVersionDate "2006.03.10"]
[SourceQuality "1"]

1. e4 c5 2. Nf3 d6 3. d4 cxd4 4. Nxd4 Nf6 5. Nc3 a6 6. Be2 e6 7. f4 Qc7 8. 0-0 Be7 9. Be3 b5 10. a3 Bb7 11. Bf3 Nbd7 12. Qe1 Nc5 13. Bf2 Rc8 14. Qe2 0-0 15. Rad1 Rfe8 16. Rd2 Qa5 17. b4 Qxa3 18. bxc5 Qxc3 19. cxd6 Bf8 20. e5 Bxf3 21. Nxf3 Nd7 22. Bd4 Qc6 23. Ng5 h6 24. Nf3 a5 25. Ra1 a4 26. Rb1 Rb8 27. Ba7 Rb7 28. Nd4 Qa6 29. Nxb5 a3 30. c4 Rxb5 31. cxb5 Qxa7+ 32. Qf2 Qa5 33. Ra2 Rb8 34. Rba1 Qxb5 35. Rxa3 f6 36. Ra5 Qb7 37. Ra7 1/2-1/2

[Event "ITA-ch (Women)"]
[Site "Bratto"]
[Date "2005.08.27"]
[Round "8"]
[White "Costariol, Elena"]
[Black "Santurbano, Maria Vincenza"]
[Result "1/2-1/2"]
[WhiteElo "1605"]
[BlackElo "2001"]
[PlyCount "98"]
[EventDate "2005.08.20"]
[EventType "swiss"]
[EventRounds "9"]
[EventCountry "ITA"]
[SourceTitle "CBM 108 Extra"]
[Source "ChessBase"]
[SourceDate "2005.11.04"]
[SourceVersion "1"]
[SourceVersionDate "2005.11.04"]
[SourceQuality "1"]

1. e4 e5 2. Nf3 Nc6 3. Bb5 a6 4. Ba4 b5 5. Bb3 Nf6 6. 0-0 Be7 7. Re1 d6 8. c3 Na5 9. Bc2 c5 10. d4 Qc7 11. h3 0-0 12. Nbd2 cxd4 13. cxd4 Nc6 14. Nb3 a5 15. Be3 a4 16. Nbd2 Nb4 17. Bb1 a3 18. Qb3 axb2 19. Qxb2 Na6 20. Qxb5 Qc3 21. Nb3 Bd7 22. Qd3 Qxd3 23. Bxd3 Nb4 24. Bb1 Rfb8 25. Nbd2 exd4 26. Nxd4 d5 27. Rc1 dxe4 28. Nxe4 Nfd5 29. Bd2 g6 30. Bg5 Bf8 31. Nf6+ Nxf6 32. Bxf6 Rc8 33. Rxc8 Rxc8 34. Be4 Rc4 35. Bf3 Bc5 36. Nb3 Ba7 37. Rd1 Be8 38. Rd8 Kf8 39. Ra8 Rf4 40. Rxa7 Rxf6 41. a4 Re6 42. a5 Kg7 43. Ra8 Bc6 44. Bxc6 Rxc6 45. Nd4 Rc1+ 46. Kh2 Ra1 47. Nb3 Rb1 48. Nc5 Ra1 49. Nb3 Rb1 1/2-1/2

[Event "ITA-ch (Women)"]
[Site "Bratto"]
[Date "2005.08.25"]
[Round "6"]
[White "Costariol, Elena"]
[Black "Tomba, Patrizia"]
[Result "1-0"]
[WhiteElo "1605"]
[BlackElo "1622"]
[PlyCount "79"]
[EventDate "2005.08.20"]
[EventType "swiss"]
[EventRounds "9"]
[EventCountry "ITA"]
[SourceTitle "CBM 108 Extra"]
[Source "ChessBase"]
[SourceDate "2005.11.04"]
[SourceVersion "1"]
[SourceVersionDate "2005.11.04"]
[SourceQuality "1"]

1. e4 e5 2. Nf3 Nc6 3. Bb5 a6 4. Ba4 Nf6 5. 0-0 Be7 6. Re1 b5 7. Bb3 0-0 8. c3 d6 9. h3 Na5 10. Bc2 c5 11. d4 Qc7 12. Nbd2 Bd7 13. Nf1 Rac8 14. Ne3 h6 15. Bd2 Rfd8 16. Rc1 c4 17. Qe2 Nb7 18. Nf1 Re8 19. Ng3 Bf8 20. Qd1 Qd8 21. Qe2 Nh7 22. Rcd1 Qe7 23. dxe5 dxe5 24. Be3 Rc6 25. Rd5 Re6 26. Red1 Bc6 27. Nf5 Qf6 28. R5d2 Nc5 29. Bxc5 Bxc5 30. Nh2 Ng5 31. Ng4 Qg6 32. Nh4 Qh7 33. Nf5 h5 34. Nh2 Rg6 35. Kf1 Ne6 36. Nh4 Rf6 37. Qe1 g6 38. N2f3 Nf4 39. Rd8 Rfe6 40. Ng5 1-0

[Event "Trieste op-A 06th"]
[Site "Trieste"]
[Date "2004.09.11"]
[Round "8"]
[White "Costariol, Elena"]
[Black "Devetak, Robert"]
[Result "1/2-1/2"]
[WhiteElo "1554"]
[BlackElo "1488"]
[PlyCount "69"]
[EventDate "2004.09.04"]
[EventType "swiss"]
[EventRounds "9"]
[EventCountry "ITA"]
[SourceTitle "CBM 102 Extra"]
[Source "ChessBase"]
[SourceDate "2004.11.03"]
[SourceVersion "1"]
[SourceVersionDate "2004.11.03"]
[SourceQuality "1"]

1. e4 e6 2. d4 d5 3. Nc3 Bb4 4. e5 c5 5. a3 Bxc3+ 6. bxc3 c4 7. Qg4 Ne7 8. Qxg7 Ng6 9. Qh6 Qh4 10. Qxh4 Nxh4 11. g3 Nf5 12. Bg2 Nc6 13. Nf3 Bd7 14. Bg5 Nce7 15. 0-0 Ba4 16. Ra2 Kd7 17. Rb2 b5 18. g4 Ng7 19. Bf6 Rag8 20. h4 h6 21. Nd2 Rh7 22. h5 Ne8 23. Bxe7 Kxe7 24. Bh3 Nc7 25. Kh2 Rhg7 26. f4 Rf8 27. f5 exf5 28. Rxf5 f6 29. Nf1 fxe5 30. Rxe5+ Kd6 31. Ne3 Rh7 32. Nf5+ Kc6 33. Ne7+ Kd6 34. Nf5+ Kc6 35. Ne7+ 1/2-1/2

[Event "Trieste op-A 06th"]
[Site "Trieste"]
[Date "2004.09.05"]
[Round "2"]
[White "Costariol, Elena"]
[Black "Pasquotto, Mirko"]
[Result "0-1"]
[WhiteElo "1554"]
[BlackElo "1778"]
[PlyCount "106"]
[EventDate "2004.09.04"]
[EventType "swiss"]
[EventRounds "9"]
[EventCountry "ITA"]
[SourceTitle "CBM 102 Extra"]
[Source "ChessBase"]
[SourceDate "2004.11.03"]
[SourceVersion "1"]
[SourceVersionDate "2004.11.03"]
[SourceQuality "1"]

1. e4 c5 2. d4 cxd4 3. c3 d3 4. Bxd3 d6 5. Be3 Nf6 6. Nd2 Nc6 7. Ngf3 Bg4 8. h3 Bh5 9. Qc2 e6 10. 0-0 Be7 11. Rfe1 0-0 12. Bf4 Rc8 13. e5 Nb4 14. Qb1 dxe5 15. Nxe5 Nxd3 16. Qxd3 Qxd3 17. Nxd3 Rfd8 18. Ne5 Nd5 19. Bh2 Nxc3 20. bxc3 Rxd2 21. g4 Bg6 22. Nxg6 hxg6 23. Be5 Bc5 24. Bg3 Bb6 25. Rec1 Rd3 26. c4 Rxg3+ 27. Kf1 Rxh3 28. Kg2 Ra3 29. Rc2 Ra4 30. Rac1 Bc5 31. Rb1 b6 32. Rd1 Bf8 33. Rd4 b5 34. Rd3 Raxc4 35. Rb2 Rxg4+ 36. Kf3 Rb4 37. Rbd2 Rbc4 38. Kg2 Rc2 39. Rxc2 Rxc2 40. Rb3 b4 41. Kf3 Rxa2 42. Rb1 a5 43. Ke3 Bc5+ 44. Kd3 Bxf2 45. Kc4 g5 46. Kd3 g4 47. Ke4 g3 48. Kf3 f5 49. Rb3 Bc5 50. Kxg3 Ra3 51. Rxa3 bxa3 52. Kf4 a2 53. Ke5 a1Q+ 0-1

[Event "ITA-ch (Women)"]
[Site "Porto San Giorgio"]
[Date "2004.08.27"]
[Round "8"]
[White "Clappa, Ilaria"]
[Black "Costariol, Elena"]
[Result "1-0"]
[WhiteElo "1850"]
[BlackElo "1554"]
[PlyCount "135"]
[EventDate "2004.08.20"]
[EventType "swiss"]
[EventRounds "9"]
[EventCountry "ITA"]
[SourceTitle "EXT 2005"]
[Source "ChessBase"]
[SourceDate "2004.11.15"]
[SourceVersion "1"]
[SourceVersionDate "2004.11.15"]
[SourceQuality "1"]

1. e4 c5 2. c4 d6 3. Nc3 Nf6 4. g3 e6 5. Bg2 Bd7 6. Nge2 Nc6 7. d3 h6 8. a3 Be7 9. Rb1 Qa5 10. Bd2 Qb6 11. h3 0-0 12. Be3 Qc7 13. 0-0 Rab8 14. b4 b6 15. Qd2 a6 16. f4 e5 17. f5 cxb4 18. Nd5 Qd8 19. axb4 b5 20. g4 Nh7 21. Nxe7+ Qxe7 22. Nc3 bxc4 23. Nd5 Qd8 24. dxc4 Ne7 25. f6 Nxd5 26. fxg7 Nxe3 27. gxf8Q+ Qxf8 28. Qxe3 Qg7 29. Qa7 Rd8 30. Qb6 Qf8 31. Qxa6 Be6 32. Rfd1 Nf6 33. Rd2 Ne8 34. c5 Qe7 35. Rbd1 Bb3 36. Rb1 Be6 37. c6 Nc7 38. Qb6 Kf8 39. Ra1 Rc8 40. Ra7 Qd8 41. Qe3 Kg7 42. Qd3 Ne8 43. Qb5 Qg5 44. Rf2 Qc1+ 45. Qf1 Qxf1+ 46. Bxf1 Rxc6 47. b5 Rb6 48. Ra6 Rb7 49. b6 d5 50. Bb5 Rb8 51. Bc6 d4 52. b7 Nc7 53. Ra8 Nxa8 54. bxa8Q Rxa8 55. Bxa8 Kg6 56. Bd5 Kg7 57. Kf1 Kg6 58. Ke2 Kg7 59. Kd3 Kg6 60. Kc4 Kg7 61. Kc5 Kg6 62. Kd6 Kg5 63. Bxe6 fxe6 64. Kxe5 Kh4 65. Rf3 h5 66. gxh5 Kxh5 67. Kxe6 Kg5 68. Kd5 1-0

[Event "ITA-ch (Women)"]
[Site "Porto San Giorgio"]
[Date "2004.08.22"]
[Round "3"]
[White "Costariol, Elena"]
[Black "Negri, Ornella"]
[Result "0-1"]
[WhiteElo "1554"]
[BlackElo "1700"]
[PlyCount "82"]
[EventDate "2004.08.20"]
[EventType "swiss"]
[EventRounds "9"]
[EventCountry "ITA"]
[SourceTitle "EXT 2005"]
[Source "ChessBase"]
[SourceDate "2004.11.15"]
[SourceVersion "1"]
[SourceVersionDate "2004.11.15"]
[SourceQuality "1"]

1. e4 d5 2. exd5 Qxd5 3. Nc3 Qd6 4. Nf3 Nf6 5. Bc4 a6 6. d3 b5 7. Bb3 Bb7 8. Be3 e6 9. h3 Be7 10. Rg1 Nc6 11. Qe2 Qd8 12. 0-0-0 0-0 13. Nd2 Ne5 14. Nde4 Ned7 15. g4 Nd5 16. Nxd5 exd5 17. Ng3 Bg5 18. f4 Be7 19. Nf5 Bc5 20. d4 g6 21. Nh6+ Kg7 22. dxc5 Kxh6 23. g5+ Kg7 24. Bxd5 c6 25. Bf3 Re8 26. Bg4 Bc8 27. Rge1 Kg8 28. Qf2 Qc7 29. Bd4 Rxe1 30. Rxe1 Nf8 31. f5 Bd7 32. Re7 Qd8 33. Bf6 Qc7 34. fxg6 Nxg6 35. Rxd7 Qa5 36. Bc3 Qxa2 37. Qxf7+ Qxf7 38. Be6 Qxe6 39. Rg7+ Kf8 40. Rxh7 Qe3+ 41. Bd2 Qg1+ 0-1

[Event "ITA-ch (Women)"]
[Site "Porto San Giorgio"]
[Date "2004.08.20"]
[Round "1"]
[White "Costariol, Elena"]
[Black "Castellano, Clara Fulvia"]
[Result "0-1"]
[WhiteElo "1554"]
[BlackElo "1772"]
[PlyCount "120"]
[EventDate "2004.08.20"]
[EventType "swiss"]
[EventRounds "9"]
[EventCountry "ITA"]
[SourceTitle "EXT 2005"]
[Source "ChessBase"]
[SourceDate "2004.11.15"]
[SourceVersion "1"]
[SourceVersionDate "2004.11.15"]
[SourceQuality "1"]

1. e4 e6 2. d4 d5 3. Nc3 Bb4 4. e5 c5 5. a3 Ba5 6. b4 cxd4 7. Nb5 Bc7 8. f4 Nc6 9. Nf3 a5 10. Nxc7+ Qxc7 11. b5 Nce7 12. Nxd4 Qc3+ 13. Bd2 Qxd4 14. Bd3 Nh6 15. Rb1 Nhf5 16. Qe2 h5 17. c3 Qc5 18. a4 h4 19. c4 dxc4 20. Bxc4 Nd5 21. Bd3 Nc3 22. Rc1 Nxe2 23. Rxc5 Ned4 24. Rc4 h3 25. g4 Nf3+ 26. Ke2 Nxd2 27. Kxd2 Ne7 28. Rhc1 0-0 29. Bf1 Rd8+ 30. Ke3 Nd5+ 31. Kf3 b6 32. Bxh3 Bb7 33. Kf2 Rac8 34. f5 Rxc4 35. Rxc4 Rc8 36. Rd4 Rc2+ 37. Kg1 Nc3 38. Rd8+ Kh7 39. Rd7 Rc1+ 40. Kf2 Ne4+ 41. Ke2 Bd5 42. Rxf7 Ng5 43. Re7 Nxh3 44. f6 Kg8 45. Re8+ Kf7 46. Re7+ Kf8 47. Rxg7 Rc4 48. g5 Rxa4 49. g6 Nf4+ 50. Kf2 Nd3+ 51. Kg3 Nxe5 52. h4 Rg4+ 53. Kf2 Rxg6 54. Rh7 Rxf6+ 55. Ke1 Bc4 56. Rb7 Nf3+ 57. Kd1 e5 58. h5 Bxb5 59. Rb8+ Kg7 60. Rb7+ Kh6 0-1

[Event "ITA-ch U12 Girls"]
[Site "San Nicola Arcella"]
[Date "2004.07.08"]
[Round "7"]
[White "Messina, Roberta"]
[Black "Costariol, Elena"]
[Result "0-1"]
[WhiteElo "1673"]
[BlackElo "1554"]
[PlyCount "114"]
[EventDate "2004.07.04"]
[EventType "swiss"]
[EventRounds "8"]
[EventCountry "ITA"]
[SourceTitle "EXT 2024"]
[Source "ChessBase"]
[SourceDate "2023.10.10"]
[SourceVersion "1"]
[SourceVersionDate "2023.10.10"]
[SourceQuality "1"]

1. e4 c5 2. Nf3 d6 3. d4 cxd4 4. Nxd4 Nf6 5. Nc3 a6 6. Be3 e6 7. f3 Be7 8. Qd2 b5 9. g4 Bb7 10. Rg1 Nbd7 11. h4 Ne5 12. a3 Nc4 13. Bxc4 bxc4 14. 0-0-0 Nd7 15. Bg5 Bxg5 16. Qxg5 Qxg5+ 17. hxg5 h6 18. Rh1 Ke7 19. gxh6 Rxh6 20. Rxh6 gxh6 21. Rh1 Rh8 22. g5 h5 23. Rh3 Ne5 24. Nde2 Ng6 25. Ng3 h4 26. Nge2 Bc6 27. Kd2 f6 28. gxf6+ Kxf6 29. Ke3 Ke5 30. f4+ Kf6 31. Nd4 Bd7 32. Nf3 Rh5 33. Nd4 e5 34. fxe5+ dxe5 35. Rf3+ Kg7 36. Nde2 h3 37. Ng3 Rh8 38. Rf1 Rb8 39. Nd1 Rh8 40. Rh1 Nf4 41. Nf2 Kf6 42. Kf3 Rb8 43. Rd1 Be6 44. Rd6 Rxb2 45. Ng4+ Ke7 46. Rxa6 Ng6 47. Nf5+ Bxf5 48. exf5 Nf8 49. Nxe5 h2 50. Rh6 Rxc2 51. a4 c3 52. Nd3 Ra2 53. f6+ Ke8 54. Kg3 Rd2 55. Nf2 c2 56. f7+ Kxf7 57. Rc6 Rxf2 0-1